Libro de Oro. Los saberes populares en el fin del milenio. Ponencias 4§ Congreso Binacional de Folklore Chileno y Argentino

Gardado en:
Detalles Bibliográficos
Autor Corporativo: Academia Nacional de Folklore Chileno y Argentino (Author)
Formato: Libro
Idioma:Lingua castelá
Publicado: Valparaíso Ediciones Universitarias de Valparaíso 2000
Edición:1a. ed
Subjects:
Tags: Engadir etiqueta
Sen Etiquetas, Sexa o primeiro en etiquetar este rexistro!

MARC

LEADER 00000nam a2200000 a 4500
001 UCJ7895
003 CL-VaPUC
008 070124e20001018CL |||||||||||||||||spa|d
082 0 4 |a 398  |b ACA  |2 21 
110 2 |a Academia Nacional de Folklore Chileno y Argentino  |e author  |9 516374 
245 1 0 |a Libro de Oro. Los saberes populares en el fin del milenio. Ponencias 4§ Congreso Binacional de Folklore Chileno y Argentino 
250 |a 1a. ed 
300 |a 394 p 
942 |c BK 
945 |d 20070124 00:00:00  |a rinostro 
260 |a Valparaíso  |b Ediciones Universitarias de Valparaíso  |c 2000 
600 0 |a FONDO MARGOT LOYOLA PALACIOS  |9 516375 
650 7 |a FOLKLORE  |2 CL-VaPUC  |9 268291 
650 0 |a Archivo histórico PUCV  |9 255554 
650 7 |a LEYENDAS  |2 CL-VaPUC  |9 265258 
650 7 |a POESIA POPULAR  |2 CL-VaPUC  |9 308047 
650 7 |a PAYAS  |2 CL-VaPUC  |9 512705 
650 0 |a Música popular  |9 356085 
650 0 |a Candombe  |9 516376 
650 7 |a JUEGOS TRADICIONALES  |2 CL-VaPUC  |9 421256 
650 7 |a BAILES POPULARES  |2 CL-VaPUC  |9 516377 
651 7 |a CHILE  |2 CL-VaPUC  |9 516378 
651 0 |a Argentina  |9 254888 
583 |a last modification  |c 20070124 00:00:00  |k Rodrigo Vera 
999 |c 323759  |d 323757 
952 |0 0  |1 0  |4 0  |6 398_000000000000000_ACA_2000  |7 0  |8 X  |9 403545  |a FDOBUD  |b FDOBUD  |d 2019-11-22  |i 1070010  |o 398 ACA 2000  |p 1070010  |r 2019-11-22  |w 2019-11-22  |y BK_X  |k FHP